Η εκπαίδευση ενηλίκων
Αποθηκεύτηκε σε:
| Κύριος συγγραφέας: | |
|---|---|
| Άλλοι συγγραφείς: | , |
| Μορφή: | Βιβλίο |
| Γλώσσα: | Greek English |
| Δημοσίευση: |
[Αθήνα] :
Μεταίχμιο,
[1999].
|
| Σειρά: | Εκπαίδευση ενηλίκων
|
| Θέματα: | |
| Ετικέτες: |
Προσθήκη ετικέτας
Δεν υπάρχουν, Καταχωρήστε ετικέτα πρώτοι!
|
MARC
| LEADER | 00000cam a2200000 i 4500 | ||
|---|---|---|---|
| 001 | 1/26069 | ||
| 008 | 010327s1999 gr | ||| |||| ||gre|| | ||
| 020 | |a 9603750158 | ||
| 020 | |a 9789603750154 | ||
| 035 | |l 10083071 | ||
| 040 | |a GR-MY-UA |b gre |e aacr | ||
| 041 | 1 | |a gre |h eng | |
| 082 | 7 | |a 374 |2 (22) | |
| 100 | 1 | |a Rogers, Alan, |d 1933- | |
| 245 | 1 | 2 | |a Η εκπαίδευση ενηλίκων / |c Alan Rogers ; μετάφραση: Μαρία Κ. Παπαδοπούλου, Μαρία Τόμπρου. |
| 260 | |a [Αθήνα] : |b Μεταίχμιο, |c [1999]. | ||
| 300 | |a 324 σ. : |b πιν. ; |c 24 εκ. | ||
| 490 | 1 | |a (Εκπαίδευση ενηλίκων) | |
| 504 | |a Βιβλιογραφία: σ. 321-324. | ||
| 650 | 0 | 0 | |a Adult education |x Study and teaching |z Greece. |
| 650 | 0 | 0 | |a Adult education. |
| 650 | 0 | 0 | |a Learning. |
| 700 | 1 | |a Παπαδοπούλου, Μαρία Κ. |e trlf | |
| 700 | 1 | |a Τόμπρου, Μαρία, |e trlf | |
| 765 | 0 | 8 | |i Μετάφραση του: |t Teaching adults / |
| 830 | 0 | |a Εκπαίδευση ενηλίκων | |
| 852 | |a INST |b LESVOS |e 20051209 |h 374 ROG |p 005100027913 |q 005100027913 |t BK |y 0 | ||
| 852 | |a INST |b LESVOS |e 20031027 |h 374 ROG |p 005100029669 |q 005100029669 |t BK |y 0 | ||
| 852 | |a INST |b LESVOS |e 20140509 |h 374 ROG |p 005100054143 |q 005100054143 |t BK |y 0 | ||
| 852 | |a INST |b LESVOS |e 20141021 |h 374 ROG |p 005100055875 |q 005100055875 |t BK |y 0 | ||
| 852 | |a INST |b RHODES |e 20010327 |h 374 ROG |p 005400017078 |q 005400017078 |t BK |y 0 | ||
| 852 | |a INST |b RHODES |e 20060313 |h 374 ROG |p 005400021230 |q 005400021230 |t BK |y 0 | ||
| 852 | |a INST |b RHODES |e 20141002 |h 374 ROG |p 005400036935 |q 005400036935 |t BK |y 0 | ||
| 901 | |a BIBL4-2001-1 | ||
| 901 | |a BIBL1-2003-3 | ||
| 901 | |a BIBL1-2014-2 | ||
| 901 | |a BIBL4-2014-3 | ||
| 909 | |a Ρ |b 123333 | ||
| 909 | |a Ρ |b 084953 | ||
| 909 | |a Λ |b 105444 | ||
| 909 | |a Λ |b 118663 | ||
| 909 | |a Λ |b 188933 | ||
| 909 | |a Ρ |b 190090 | ||
| 909 | |a Λ |b 190953 | ||
| 922 | |a 4ΕΛΗ |b 200103 |c ΔΩΡΕΑ | ||
| 922 | |a 4ΕΛΗ |b 201407 |c ΤΑΚ/ΠΤΔΕ |d BEST BOOK HUNTERS | ||
| 970 | |a ΚΟΥΛΑΚΙΟΤΗ |b ΛΙΤΣΑ |z 2001/03/27 | ||